Loading...
| Current Events | 1 | 10.00 | 100% | 0% | 0% |
| Fine Arts - Classical Music | 4 | 12.50 | 100% | 0% | 25% |
| Fine Arts - Other | 8 | 12.50 | 88% | 38% | 0% |
| Fine Arts - Painting and Sculpture | 7 | 12.86 | 100% | 29% | 0% |
| Geography | 1 | 30.00 | 100% | 100% | 100% |
| History - American | 7 | 22.86 | 100% | 100% | 29% |
| History - European | 7 | 18.57 | 100% | 86% | 0% |
| History - Other | 6 | 18.33 | 83% | 67% | 33% |
| History - World | 8 | 16.25 | 88% | 50% | 25% |
| Literature - American | 5 | 18.00 | 100% | 60% | 20% |
| Literature - British | 3 | 13.33 | 100% | 0% | 33% |
| Literature - European | 5 | 16.00 | 100% | 60% | 0% |
| Literature - World | 4 | 17.50 | 100% | 50% | 25% |
| Mythology | 4 | 17.50 | 100% | 50% | 25% |
| Other Academic | 1 | 10.00 | 100% | 0% | 0% |
| Philosophy | 6 | 11.67 | 100% | 17% | 0% |
| Pop Culture | 1 | 10.00 | 100% | 0% | 0% |
| Religion | 7 | 14.29 | 100% | 43% | 0% |
| Science - Biology | 8 | 13.75 | 88% | 38% | 13% |
| Science - Chemistry | 3 | 16.67 | 100% | 33% | 33% |
| Science - Other | 7 | 11.43 | 100% | 14% | 0% |
| Science - Physics | 6 | 13.33 | 100% | 17% | 17% |
| Social Science | 5 | 12.00 | 100% | 20% | 0% |